000 00865nam a22002772 4500
001 17743
003 BD-RjUL
005 20211209000203.0
008 140217r1984 xx a 001 0 eng d
035 _aOCLC ocm02323604 from D971118M
_a(BD-RjUL)17801
040 _aDLC
_cTOL
_dBD-RjUL
_beng
041 _aeng
082 _a660.76
_bBHS 1984
100 1 _aBhatt, B I
_d1857-
_954699
245 1 0 _aStoichiometry /
_cB. I. Bhatt , S.M. Vora
260 _aNew Dehil :
_bTata McGraw-Hill Pub.Com. Ltd.,,
_c1984.
300 _a558 p. :
_billus., tables, diagrs. ;
_c20 cm.
490 1 _aText-books of physical chemistry
500 _aIncludes index.
650 0 _aChemistry, Physical and theoretical.
_954700
700 1 _aS M Vora
_9234544
830 0 _aText-books of physical chemistry
_9234545
942 _2ddc
_cBK
999 _c17743
_d17743